000 00438nam a2200157 i 4500
001 58398
003 ES-MaACL
005 20230906163811.0
007 t|
008 031022s1919 fr ||||1| fre d
100 1 _aDufrenne, Pierre.
_945916
245 1 3 _aLa réforme dl'ecole primaire /
_cPierre Dufrenne.
260 _aParis :
_b[s.n.,
_c1919] (
_eMayenne :
_fCharles Colin)
300 _a271 p. ;
_c19 cm.
852 _aES-MaACL
_jF-10338
999 _c58398
_d58398